000 00725cab a2200241 4500
001 WB3437-21
008 090401t1998 xxu||||| |||| 00| 0 eng d
035 _a(Sirsi) u88745
041 _aeng
245 _aHousing and planning gap
260 _c1998
350 _a0
490 _aHousing Today
_v(102) 24 September 1998, 4(1)
520 _aA national inquiry has concluded that the `chasm` between housing and planning policies must be bridged to help meet a serious shortfall in affordable homes.
650 _aAFFORDABLE HOMES
650 _aHOUSING POLICY
650 _aHOUSING SHORTAGE
650 _aPLANNING POLICY
650 _aSOCIAL HOUSING
690 _aHOUSING
942 _n0
948 _c30/09/1998
999 _c56099
_d56099